| 000 | 00413nam a2200121Ia 4500 | ||
|---|---|---|---|
| 008 | 220615s9999||||xx |||||||||||||| ||und|| | ||
| 100 | _aShaukat Ali Khan||Muhammad Salik Javaid | ||
| 245 | 0 | _aAquifers - Matrix and Fluids | |
| 546 | _aEnglish[eng] | ||
| 650 | _aLife Sciences||Earth Science||Hydrology||Environmental Sciences | ||
| 856 | _uhttps://www.intechopen.com/books/aquifers-matrix-and-fluids | ||
| 942 | _cEB | ||
| 999 |
_c16351 _d16351 |
||